000 01604nam a2200265 a 4500
001 000046729
003 DO-SdBNP
005 20230303144438.0
007 ta
008 180327s2016 dr 000 0 spa d
040 _aDO-SdBNP
_bspa
_cBNPHU
082 4 _a343.034
_bR426L 2016
_222
110 2 _aRepública Dominicana [Leyes, etc.]
_911088
245 1 0 _aLey de presupuesto general del Estado, 2016 : no. 260-15
260 _aSanto Domingo :
_bMinisterio de Hacienda,
_c2016.
300 _a2v. ;
_bil.,
_c28 cm.
505 2 _av.1. Primera parte --
_tLey de presupuesto general del Estado 2016 --
_tInforme explicativo y política presupuestaría 2016 --
_gSegunda parte --
_tAnexos de la ley --
_gTercera parte --
_tDistribución institucional de los gastos --
_tPoder Legislativo --
_tPoder Ejecutivo --
_tPoder Judicial --
_tOrganisms especiales --
_tCatergorías institucionales --
_tOtros detalles de gastos --
505 2 _av. 2. Premera parte --
_tPresupuesto de ingresos y gastos de las instituciones descentralizadas y autónomas no financieras --
_tInstituciones descentralizadas y autónomas no financieras --
_gSegunda parte --
_tPresupuesto de ingresos y gastos de las instituciones públicas de la seguridad social y asociaciones sin fines de lucro --
590 _aInventariado, 2018 /VM
650 4 _aPresupuesto
_xLegislación
_zRepública Dominicana
_97940
_y2016
650 4 _aHacienda pública
_xLegislación
_zRepública Dominicana
_96562
_y2016
650 4 _aGastos públicos
_xLegislación
_zRepública Dominicana
_y2016
_983119
910 _aValidado. Control de calidad MFF
942 _2ddc
_cLBS1
999 _c46218
_d46218